El apoyo tutorial en la educación superior a distancia / (Record no. 3845)

MARC details
000 -CABECERA
campo de control de longitud fija 00710nam a2200205 a 4500
005 - FECHA Y HORA DE LA ÚLTIMA TRANSACCIÓN
campo de control 20240221063716.0
008 - ELEMENTOS DE LONGITUD FIJA--INFORMACIÓN GENERAL
campo de control de longitud fija 991125s1989 es 000 0 spa u
035 ## - NÚMERO DE CONTROL DEL SISTEMA
Número de control de sistema UPN01000003845
049 ## - COLECCIÓN
Colección F
050 #4 - SIGNATURA TOPOGRÁFICA DE LA BIBLIOTECA DEL CONGRESO
Número de clasificación LB1033
Número de documento/Ítem G3.3
100 1# - ASIENTO PRINCIPAL--NOMBRE PERSONAL
Nombre de persona García Llamas, José Luis
245 13 - MENCIÓN DE TÍTULO
Título El apoyo tutorial en la educación superior a distancia /
Mención de responsabilidad, etc. José Luis García Llamas, Catalina Martínez Mediano.
300 ## - DESCRIPCIÓN FÍSICA
Extensión p. 501-509
500 ## - NOTA GENERAL
Nota general Sobretiro de Bordon / Sociedad Española de Pedagogía. -- Vol.41, no.3 (1989)
650 #4 - ASIENTO SECUNDARIO DE MATERIA - TERMINO TEMATICO
Término de materia o nombre geográfico como elemento de entrada Educación a distancia
9 (RLIN) 7924
650 #4 - ASIENTO SECUNDARIO DE MATERIA - TERMINO TEMATICO
Término de materia o nombre geográfico como elemento de entrada Relación maestro-estudiante
9 (RLIN) 4168
650 #4 - ASIENTO SECUNDARIO DE MATERIA - TERMINO TEMATICO
Término de materia o nombre geográfico como elemento de entrada TUTORES
700 1# - ASIENTO SECUNDARIO--NOMBRE DE PERSONAL
Nombre de persona Martínez Mediano, Catalina,
Término indicativo de función/relación coaut.
9 (RLIN) 29164
905 ## - TIPO DE MATERIAL
Tipo de material Libro
Holdings
Estado de retiro Estado de pérdida Fuente del sistema de clasificación o colocación Estado dañado No para préstamo Código de colección Localización permanente Ubicación/localización actual Ubicación en estantería Total de préstamos Clasificación Código de barras Fecha visto por última vez Número de copia Tipo de ítem Koha
    Library of Congress Classification   Folletos Folletería Bib. Gregorio Torres Quintero Bib. Gregorio Torres Quintero Folletos   LB1033 G3.3 92340 31/12/2020 1 Libro